书目信息 |
| 题名: |
数字系统设计自动化
|
|
| 作者: | 薛宏熙 编著 | |
| 分册: | ||
| 出版信息: | 北京 清华大学出版社 1996.10 |
|
| 页数: | 414页 | |
| 开本: | 16开 | |
| 丛书名: | ||
| 单 册: | ||
| 中图分类: | ||
| 科图分类: | ||
| 主题词: | 自动化系统 | |
| 电子资源: | ||
| ISBN: | 7-302-02331-X | |
| 000 | 00589nam0 2200205 45 | |
| 001 | 9912141541 | |
| 005 | 20001115113219.0 | |
| 010 | @a7-302-02331-X@d25.00元 | |
| 100 | @a19991214d1996 km y0chiy0120 ea | |
| 101 | @achi | |
| 105 | @a z 000yy | |
| 200 | 1 | @a数字系统设计自动化@AShu Zi Xi Tong She Ji Zi Dong Hua@f薛宏熙等编著@FXue Hong Xi Deng Bian Zhu |
| 210 | @a北京@c清华大学出版社@d1996.10 | |
| 215 | @a414页@d16开 | |
| 606 | 0 | @a自动化系统 |
| 690 | @v3 | |
| 690 | @aTP271.2@v3 | |
| 701 | @a薛宏熙@4编著 | |
| 801 | @aCN@bPFTUser@c19991214 | |
| 905 | @dTP271.2@eX888@b406976-977@f2 | |
| 数字系统设计自动化/薛宏熙等编著.-北京:清华大学出版社,1996.10 |
| 414页;16开 |
| ISBN 7-302-02331-X:25.00元 |
| ● |
| 相关链接 |
|
|
|
正题名:数字系统设计自动化
索取号:TP271.2/X888
 
预约/预借
| 序号 | 登录号 | 条形码 | 馆藏地/架位号 | 状态 | 备注 |
| 1 | 406976 | 204069765 | 自科二线504/504自科库 7排4列2层/ [索取号:TP271.2/X888] | 在馆 | |
| 2 | 406977 | 204069774 | 期刊室512/301自科库 37排4列4层/ [索取号:TP271.2/X888] | 在馆 |